01311nam a22002297a 4500008004100000020001800041040000800059041000800067050002900075100002800104245004500132260004500177300002400222520062000246650003800866650002600904650002800930650003800958650002900996650003001025655002601055250605b |||||||| |||| 00| 0 eng d a9780857506689 ctbs aeng aPR9199.4.K5758 bW4 2024 aKliewer, Marcuseauthor aWe used to live herec/ Marcus Kliewer. aLondon :bTransworld Publishers, c2024. a312 pages ;c24 cm. aYoung couple Charlie and Eve can’t believe the killer deal they got on an old house deep in the mountains. One day, a man knocks on the door. He says he lived there years before and asks if he can show his family around. As soon as they enter, strange things start to happen, and Eve is desperate for them to leave and never come back. But they can’t – or won’t – take the hint that they are no longer welcome. Then, Charlie vanishes, and Eve begins to lose her grip on reality. She’s convinced there’s something terribly wrong with the house and its past inhabitants . . . or is it all in her head? 0aFlipping (Real estate investment) 0aDwellingsxRemodeling 0aHaunted placesvFiction 0aFamiliesxCrimes againstvFiction 0aMissing personsvFiction 0aWoman-woman relationships 0aPyschological fiction